[Event "GEO World Cup-A U10"]
[Site "Batumi"]
[Date "2024.06.24"]
[Round "2"]
[White "Safarullakhan, Safin"]
[Black "Macosay Lopez, Julio David"]
[Result "1-0"]
[WhiteElo "1879"]
[BlackElo "1607"]
[PlyCount "45"]
[EventDate "2024.06.23"]
[EventType "swiss"]
[EventRounds "7"]
[EventCountry "GEO"]
[SourceTitle "EXT 2025"]
[Source "ChessBase"]
[SourceDate "2024.10.14"]
[SourceVersion "1"]
[SourceVersionDate "2024.10.14"]
[SourceQuality "1"]

1. Nf3 d5 2. d4 Nf6 3. e3 c5 4. b3 e6 5. Bd3 Nc6 6. 0-0 Bd6 7. Bb2 0-0 8. c4 Be7 9. Nbd2 b6 10. Qe2 Bb7 11. cxd5 Nxd5 12. dxc5 Bxc5 13. h4 Ncb4 14. Bb1 Ba6 15. Nc4 h6 16. Rd1 Qe7 17. a3 Nc6 18. b4 Bd6 19. Qc2 g6 20. Nxd6 Qxd6 21. e4 Rac8 22. exd5 Nxb4 23. Qd2 1-0